LEADER 01744nam a2200373 u 4500 001 000000105382 003 CaOOAMICUS 005 20110412113430.0 008 070531s2006 stk u000 u eng u 020 $a0-7486-2425-2 040 $aPUL$bita$dES 245 00$aEuropean contract law: Scots and South African perspectives /$cedited by Hector L. Queen, Reinhard Zimmermann. 260 $aEdinburgh :$bEdinburgh University Press,$cc2006. 300 $axxii, 444 p. ;$c24 cm 490 1 $aEdinburgh studies in law ;$vvol. 2 500 $aIn appendice: The principles of european contract law: p. 367-414 610 14$aUnione europea.$0(OLS)http://pul/subject/23405 610 14$aUnione europea$xDiritto privato$xContratti.$0(OLS)http://pul/subject/33313 700 1 $aMacQueen, Hector L.$0(OLS)http://pul/name/56950 700 1 $aZimmermann, Reinhard.$0(OLS)http://pul/name/50260 830 0$aEdinburgh studies in law ;$vvol. 2.$0(OLS)http://pul/title/132621 850 $aPUL 852 $aPUL$W1$xSL Diritto e Scienze Sociali 3$y79$m346. 4 MACQHE 1.2$j118106$qDDC 21$B118021$CPULBib$Z2$F118021 $H100565 $82 941 1 $a9 960 $aComunità economica europea (CEE)$923405 960 $aComunità economica europea (CEE)$923405 960 $aComunità europee$923405 960 $aComunità europee$923405 960 $aComunità europea (CE)$923405 960 $aComunità europea (CE)$923405 960 $aEuropean Union$923405 996 $6020$a0-7486-2425-2$9(OLS)http://pul/number/134596 996 $6245$aEuropean contract law: Scots and South African perspectives$9(OLS)http://pul/title/132620 996 $6260$aEdinburgh :$bEdinburgh University Press$9(OLS)http://pul/publisher/50530 LEADER 01789nam a2200337 u 4500 001 000000083417 003 CaOOAMICUS 005 20070226123952.0 008 050505s1969 gw u000 u ger u 035 $a11045115 040 $aDAI(R)$bita 041 1 $ager$alat 130 0 $aSomnium Scipionis.$lTedesco e latino.$0(OLS)http://pul/title/108745 245 10$aGedanken über Tod und Unsterblichkeit :$bSomnium Scipionis, Tuscolanae Disputationes I, Cato Maior /$cCicero ; [Übersetzung, Einleitung und Anmerkungen von Klaus Reich, Hans Günter Zerl, Klaus Bringmann. 260 $aHamburg :$bMeiner,$cc1969. 300 $axviii, 201 S. ;$c20 cm 490 1 $aPhilosophische Bibliothek ;$v273 500 $a"Register": S. [197]-201. 504 $a"Literaturverzeichnis": S. [xvi]-xviii. 546 $aText auf deutsch und latein; Anmerkungen auf deutsch. 700 1 $aBringmann, Klaus,$d1936-$0(OLS)http://pul/name/8705 700 1 $aZekl, Hans Günter.$0(OLS)http://pul/name/55199 700 1 $aReich, Klaus,$d1906-$0(OLS)http://pul/name/38679 700 12$aCicero, Marcus Tullius,$d106-43 a.C.$tTusculanae disputationes$9(Cicero, Marcus Tullius, 106-43 a.C.).$lTedesco e latino$0Liber I.$0(OLS)http://pul/name/55198 730 0 $aCato maior de senectute.$lTedesco e latino.$0(OLS)http://pul/title/108747 830 0$aPhilosophische Bibliothek ;$v273.$0(OLS)http://pul/title/13177 850 $aPUL 852 $aPUL$W1$xDP1 Fondo Seidl$y56$m1 C 25$j41881$nBK-PRI$b $qFondi$B106147$CPULBib$Z2$F106147 $H $81 941 1 $a1 996 $6245$aGedanken über Tod und Unsterblichkeit :$bSomnium Scipionis, Tuscolanae Disputationes I, Cato Maior$9(OLS)http://pul/title/108746 996 $6260$aHamburg :$bMeiner$9(OLS)http://pul/publisher/48261